000 00704nam a2200205Ii 4500
008
049 _aMAIN
100 1 _aClowes, Frank.
245 1 0 _aElementary quantitative chemical analysis :
_badapted for use in the laboratories of colleges and schools /
_cby Frank Clowes and J. Bernard Coleman.
260 _aLondon :
_bJ. & A. Churchill,
_c1896.
300 _axi v, 224 p. :
_bill. ;
_c20 cm.
500 _aIncludes bibliographical references.
650 0 _aChemistry, Analytic
_xQuantitative.
700 1 _aColeman, Joseph Bernard
907 _a.b10240305
_b07-05-07
_c24-04-07
003
005 20230123134429.0
040 _cNUST
942 _cBOOKS
999 _c165800
_d165800